[Event "Olimpiade 2024 - Donne"]
[Site "Budapest"]
[Date "20.09.2024"]
[Round "9.35"]
[Board "1"]
[White "Stojkovska, Monika"]
[Black "Timergazi, Layla"]
[Result "1-0"]
[WhiteTitle "WFM"]
[BlackTitle "WIM"]
[WhiteElo "2043"]
[BlackElo "1979"]
[WhiteTeam "North Macedonia"]
[BlackTeam "New Zealand"]
[WhiteFideId "15002594"]
[BlackFideId "4303733"]
[EventDate "2024.09.11"]

1. e4 c6 2. d4 d5 3. e5 Bf5 4. Nf3 e6 5. Be2 Nd7 6. O-O Qb6 7. Nbd2 c5 8. Nh4
Bg6 9. c4 Ne7 10. Nxg6 hxg6 11. dxc5 Nxc5 12. Nf3 Rd8 13. Qc2 Nc6 14. cxd5 Nb4
15. Qc4 Nxd5 16. Qb5+ Qxb5 17. Bxb5+ Nd7 18. Bg5 Be7 19. Rac1 Bxg5 20. Nxg5 Rh5
21. Ne4 Rxe5 22. Nc5 Nf6 23. Rfd1 Ke7 24. Bxd7 Nxd7 25. Nxb7 Rb8 26. Rc7 Rd5 27.
Rxd5 exd5 28. b3 a6 29. Nc5 Kd6 30. Nxd7 Re8 31. Rc1 Kxd7 32. Kf1 Kd6 33. f3 Re6
34. Rc8 Ke5 35. Ke2 Kd4+ 36. Kd2 g5 37. Rf8 Rf6 38. Rb8 g6 39. Rb4+ Kc5 40. Rg4
Rf5 41. Kd3 Re5 42. Ra4 Re6 43. Ra5+ Kb4 44. Rxd5 f6 45. Rd4+ Kc5 46. Rc4+ Kd5
47. Rc8 Re1 48. Rg8 Rd1+ 49. Kc3 Ke5 50. Ra8 Rd6 51. b4 Kd5 52. a4 Rc6+ 53. Kb3
Rd6 54. Rc8 Rb6 55. Kc3 f5 56. Rc5+ Kd6 57. Kc4 Kd7 58. b5 axb5+ 59. Rxb5 Re6
60. Rb2 Kc6 61. a5 Re1 62. Rb6+ Kc7 63. Rxg6 Ra1 64. Kb5 Rb1+ 65. Ka6 1-0

[Event "Olimpiade 2024 - Donne"]
[Site "Budapest"]
[Date "20.09.2024"]
[Round "9.35"]
[Board "2"]
[White "Zhang, Jasmine Haomo"]
[Black "Manova, Ivana"]
[Result "0-1"]
[WhiteTitle "WIM"]
[WhiteElo "1956"]
[BlackElo "2031"]
[WhiteTeam "New Zealand"]
[BlackTeam "North Macedonia"]
[WhiteFideId "4304632"]
[BlackFideId "15003590"]
[EventDate "2024.09.11"]

1. d4 Nf6 2. Bf4 c6 3. Nd2 Qb6 4. Nb3 d6 5. e3 g6 6. c3 Bg7 7. h3 O-O 8. Bd3 Nd5
9. Bg3 e5 10. Nf3 Re8 11. dxe5 dxe5 12. Bc4 Be6 13. Qe2 Nd7 14. Ng5 Nc7 15. Nxe6
Nxe6 16. Bxe6 Rxe6 17. Rd1 Nf8 18. O-O Ree8 19. Rd6 Rad8 20. Rfd1 Ne6 21. Rxd8
Rxd8 22. Rxd8+ Qxd8 23. Qd2 Kf8 24. Kf1 Qd5 25. Qxd5 cxd5 26. Ke2 Ke7 27. f3 b6
28. Kd3 Kd7 29. Nc1 Nc5+ 30. Kc2 e4 31. Nb3 Ne6 32. Nd4 Bxd4 33. cxd4 exf3 34.
gxf3 Ng5 35. h4 Nxf3 36. Kd3 g5 37. h5 g4 38. e4 Ke6 39. b4 b5 40. e5 Kf5 41.
Ke3 Ng5 42. Bh4 Ne4 43. Be7 a6 0-1

[Event "Olimpiade 2024 - Donne"]
[Site "Budapest"]
[Date "20.09.2024"]
[Round "9.35"]
[Board "3"]
[White "Zhezhovska, Monika"]
[Black "Ning, Isabelle Yixuan"]
[Result "1-0"]
[BlackTitle "CM"]
[WhiteElo "2106"]
[BlackElo "1915"]
[WhiteTeam "North Macedonia"]
[BlackTeam "New Zealand"]
[WhiteFideId "15007588"]
[BlackFideId "4307763"]
[EventDate "2024.09.11"]

1. d4 Nf6 2. c4 g6 3. Nc3 Bg7 4. e4 d6 5. Be2 O-O 6. Be3 e5 7. d5 Na6 8. g4 Nc5
9. f3 h5 10. g5 Nh7 11. h4 f6 12. gxf6 Bxf6 13. Bf2 a5 14. Qd2 Rf7 15. O-O-O a4
16. Kb1 Bd7 17. Qh6 Nf8 18. Qd2 Qb8 19. Nh3 Bxh3 20. Rxh3 Qa7 21. Be3 Qa5 22.
Rg1 Kh7 23. Bd1 Qb4 24. Nb5 Qxd2 25. Bxd2 c6 26. Nc3 cxd5 27. cxd5 Bg7 28. Nb5
Rd7 29. Bb4 b6 30. Be2 Bh6 31. Nc3 Be3 32. Rd1 Bd4 33. Bb5 Rda7 34. Bc6 Bxc3 35.
Bxc5 bxc5 36. Bxa8 Bxb2 37. Kxb2 Rxa8 38. Ka3 Nd7 39. Rb1 Ra7 40. Rh2 Kh6 41.
Rg2 Ra6 42. Rgb2 c4 43. Rb4 Nc5 44. Rb6 Ra7 45. Rxd6 Rf7 46. Rbb6 Rxf3+ 47. Kb4
Nd3+ 48. Kxc4 Nf4 49. Rd7 Rh3 50. Rbb7 Rxh4 51. d6 Rh1 52. Rh7+ Kg5 53. Rbe7 Rd1
54. d7 Kf6 55. Rhf7+ Kg5 56. Rxe5+ Kg4 57. Rxf4+ Kxf4 58. Rd5 Rc1+ 59. Kd3 1-0

[Event "Olimpiade 2024 - Donne"]
[Site "Budapest"]
[Date "20.09.2024"]
[Round "9.35"]
[Board "4"]
[White "Chang, Yolanda"]
[Black "Trajkovska, Sanja"]
[Result "0-1"]
[WhiteTitle "WCM"]
[WhiteElo "1908"]
[BlackElo "1921"]
[WhiteTeam "New Zealand"]
[BlackTeam "North Macedonia"]
[WhiteFideId "4309332"]
[BlackFideId "15001822"]
[EventDate "2024.09.11"]

1. e4 c5 2. Nf3 d6 3. d4 cxd4 4. Nxd4 Nf6 5. Nc3 a6 6. Bc4 e6 7. Bb3 Be7 8. g4
Nc6 9. g5 Nxd4 10. Qxd4 Nh5 11. Rg1 b5 12. Be3 Bd7 13. O-O-O a5 14. a3 Rb8 15.
a4 bxa4 16. Bxa4 O-O 17. Bxd7 Qxd7 18. f4 Rfc8 19. Rdf1 Rb4 20. Qa7 Qd8 21. Qa6
Rcb8 22. b3 Qc7 23. Qd3 Rc8 24. Kb2 Qc6 25. Ra1 Ra8 26. Ra4 Rxa4 27. Nxa4 d5 28.
exd5 exd5 29. f5 Bd6 30. Rd1 Be5+ 31. Bd4 Nf4 32. Qe3 Bd6 33. Be5 Re8 34. Bxf4
Rxe3 35. Bxe3 Bxh2 36. c4 Be5+ 37. Kb1 d4 38. Nc3 Qb6 39. Bxd4 Bxd4 40. Nb5 Bc5
41. Re1 Qd8 0-1

[Event "Olimpiade 2024 - Donne"]
[Site "Budapest"]
[Date "20.09.2024"]
[Round "9.36"]
[Board "1"]
[White "Samaganova, Aleksandra"]
[Black "Mihok-Juhasz, Barbara"]
[Result "1-0"]
[WhiteTitle "WFM"]
[BlackTitle "WIM"]
[WhiteElo "1948"]
[BlackElo "2193"]
[WhiteTeam "Kyrgyzstan"]
[BlackTeam "Hungary B"]
[WhiteFideId "13800221"]
[BlackFideId "743585"]
[EventDate "2024.09.11"]

1. c4 e5 2. e3 Nf6 3. a3 g6 4. Qc2 Bg7 5. Nf3 d6 6. d3 O-O 7. Be2 Re8 8. Nbd2 c5
9. b4 Nc6 10. Rb1 b6 11. O-O Bb7 12. Rd1 Qc7 13. Qb3 Rad8 14. Bb2 h6 15. h3 Kh7
16. Rbc1 Nd7 17. Ne4 f5 18. Nc3 Nf6 19. Nd5 Qf7 20. Bf1 g5 21. e4 Nd4 22. Bxd4
exd4 23. Re1 Nh5 24. Nh2 Be5 25. Qd1 Nf4 26. g3 Nxd5 27. exd5 Bg7 28. Qd2 Bc8
29. Bg2 Bd7 30. b5 Bf6 31. a4 Rxe1+ 32. Rxe1 Re8 33. Ra1 Bd8 34. Re1 Kg7 35. Qd1
Re7 36. Bf3 Re5 37. Bg2 h5 38. Nf3 Rxe1+ 39. Qxe1 g4 40. Nh2 h4 41. Qe2 hxg3 42.
fxg3 Bg5 43. Nf1 f4 44. hxg4 fxg3 45. Bf3 Qf4 46. Kg2 Qc1 47. Nxg3 Be3 48. Qf1
Qc2+ 49. Kh3 Kh6 50. Be2 Kg6 51. Qf8 Bh6 52. Qxd6+ Kh7 53. Qxd7+ Kh8 54. Qe8+
Kh7 55. Qe7+ Kh8 56. g5 Bg7 57. Nh5 1-0

[Event "Olimpiade 2024 - Donne"]
[Site "Budapest"]
[Date "20.09.2024"]
[Round "9.36"]
[Board "2"]
[White "Karacsonyi, Kata"]
[Black "Zhanybekova, Begimay"]
[Result "1-0"]
[WhiteTitle "WFM"]
[BlackTitle "WCM"]
[WhiteElo "2233"]
[BlackElo "1784"]
[WhiteTeam "Hungary B"]
[BlackTeam "Kyrgyzstan"]
[WhiteFideId "769584"]
[BlackFideId "13819356"]
[EventDate "2024.09.11"]

1. e4 c5 2. Nf3 e6 3. d4 cxd4 4. Nxd4 Nc6 5. Nc3 Qc7 6. Be3 a6 7. a3 Nf6 8. f4
d6 9. Qf3 Be7 10. O-O-O O-O 11. Nxc6 Qxc6 12. g4 b5 13. Bd3 Nd7 14. Qh3 f5 15.
exf5 exf5 16. Bxf5 Nf6 17. g5 Bxf5 18. Qxf5 Qd7 19. Qxd7 Nxd7 20. Ne4 Rae8 21.
Rhe1 Nc5 22. Nxc5 dxc5 23. Rd5 c4 24. Bd2 Bd8 25. Rxe8 Rxe8 26. f5 Bc7 27. f6
gxf6 28. gxf6 Be5 29. Bg5 Bxh2 30. Rd7 Re1+ 31. Kd2 Rf1 32. Rg7+ Kf8 33. Rxh7
Be5 34. Ke2 Rf5 35. Bh6+ Ke8 36. Re7+ Kd8 37. Rf7 Bxf6 38. Rxf6 Rxf6 39. Bg5 Ke7
40. Ke3 Ke6 41. Bxf6 Kxf6 42. Kd4 Ke6 43. Ke4 1-0

[Event "Olimpiade 2024 - Donne"]
[Site "Budapest"]
[Date "20.09.2024"]
[Round "9.36"]
[Board "3"]
[White "Sezdbekova, Aizhan"]
[Black "Demeter, Dorina"]
[Result "0-1"]
[WhiteTitle "WCM"]
[BlackTitle "WIM"]
[WhiteElo "1799"]
[BlackElo "2199"]
[WhiteTeam "Kyrgyzstan"]
[BlackTeam "Hungary B"]
[WhiteFideId "13803590"]
[BlackFideId "778079"]
[EventDate "2024.09.11"]

1. e4 e5 2. Nf3 Nf6 3. Nxe5 d6 4. Nf3 Nxe4 5. d3 Nf6 6. d4 d5 7. c4 Bb4+ 8. Bd2
Bxd2+ 9. Nbxd2 O-O 10. Be2 Nc6 11. c5 Bf5 12. O-O Ne4 13. Re1 Qf6 14. Nf1 Rad8
15. Ne3 Bg6 16. Qa4 Rfe8 17. Rad1 Qf4 18. Qb3 Ne7 19. g3 Qh6 20. Ng4 Qh3 21. Nh4
Bh5 22. f3 Nxg3 23. hxg3 Qxg3+ 24. Ng2 Nf5 25. f4 Qxb3 26. axb3 Rxe2 27. Rxe2
Bxg4 28. Kf2 Bxe2 29. Kxe2 Re8+ 30. Kd3 Re4 31. Kc3 Ne3 32. Nxe3 Rxe3+ 33. Rd3
Rxd3+ 34. Kxd3 h5 0-1

[Event "Olimpiade 2024 - Donne"]
[Site "Budapest"]
[Date "20.09.2024"]
[Round "9.36"]
[Board "4"]
[White "Terbe, Zsuzsanna"]
[Black "Abaeva, Aiana"]
[Result "1/2-1/2"]
[WhiteTitle "WIM"]
[BlackTitle "WCM"]
[WhiteElo "2168"]
[BlackElo "1858"]
[WhiteTeam "Hungary B"]
[BlackTeam "Kyrgyzstan"]
[WhiteFideId "708801"]
[BlackFideId "13804472"]
[EventDate "2024.09.11"]

1. d4 d5 2. c4 e6 3. Nc3 Nf6 4. cxd5 exd5 5. Bg5 Nbd7 6. e3 Be7 7. Bd3 O-O 8.
Qc2 c6 9. Nge2 Re8 10. O-O Nf8 11. Rad1 g6 12. f3 Ne6 13. Bh4 b5 14. Kh1 Bb7 15.
Bf2 a6 16. a3 c5 17. dxc5 Bxc5 18. b4 Bb6 19. a4 bxa4 20. Nxa4 Rc8 21. Qb2 Bc7
22. b5 axb5 23. Bxb5 Rf8 24. Bh4 Qd6 25. Bg3 Qe7 26. Bh4 Qd6 27. Bg3 Qe7 28. Bh4
Qd6 1/2-1/2

[Event "Olimpiade 2024 - Donne"]
[Site "Budapest"]
[Date "20.09.2024"]
[Round "9.37"]
[Board "1"]
[White "Serina Arafat"]
[Black "Wagener, Anna"]
[Result "0-1"]
[BlackTitle "WGM"]
[WhiteElo "1552"]
[BlackElo "2251"]
[WhiteTeam "Jordan"]
[BlackTeam "Luxembourg"]
[WhiteFideId "8115362"]
[BlackFideId "13900285"]
[EventDate "2024.09.11"]

1. d4 f5 2. Nf3 Nf6 3. e3 g6 4. Bd3 Bg7 5. Nbd2 O-O 6. b3 d6 7. Bb2 Nc6 8. a3
Kh8 9. O-O Qe8 10. Re1 e5 11. dxe5 dxe5 12. Bb5 e4 13. Ne5 Ng4 14. Bxc6 bxc6 15.
Nec4 Bxb2 16. Nxb2 Qe5 17. h3 Qh2+ 18. Kf1 Qh1+ 19. Ke2 Qxg2 20. Rf1 Qxh3 21.
Rh1 Qg2 22. Qf1 Qxf1+ 23. Rhxf1 Be6 24. Rh1 Rad8 25. Rad1 Kg7 26. Ndc4 Bd5 27.
Na5 f4 28. c4 fxe3 0-1

[Event "Olimpiade 2024 - Donne"]
[Site "Budapest"]
[Date "20.09.2024"]
[Round "9.37"]
[Board "2"]
[White "Steil-Antoni, Fiona"]
[Black "Jeda Helal"]
[Result "1-0"]
[WhiteTitle "WIM"]
[WhiteElo "2085"]
[BlackElo "1569"]
[WhiteTeam "Luxembourg"]
[BlackTeam "Jordan"]
[WhiteFideId "4001249"]
[BlackFideId "8112398"]
[EventDate "2024.09.11"]

1. f4 c6 2. Nf3 d5 3. e3 Nf6 4. Be2 g6 5. b3 Bg7 6. Bb2 O-O 7. O-O Nbd7 8. Qe1
Re8 9. Qh4 Qc7 10. Kh1 e5 11. fxe5 Ne4 12. d4 f6 13. exf6 Ndxf6 14. Ne5 Qa5 15.
a3 g5 16. Qe1 Qxe1 17. Rxe1 Nf2+ 18. Kg1 N2g4 19. Bxg4 Nxg4 20. Nxg4 Bxg4 21.
Nd2 Re7 22. Nf3 Bxf3 23. gxf3 Rae8 24. Kf2 c5 25. Rab1 cxd4 26. Bxd4 Bxd4 27.
exd4 Rxe1 28. Rxe1 Rxe1 29. Kxe1 b5 30. Kd2 Kf7 31. c4 bxc4 32. bxc4 dxc4 33.
Kc3 Ke6 34. Kxc4 Kd6 35. a4 Kc6 36. d5+ Kd6 37. a5 a6 38. Kd4 h5 39. h3 Kd7 40.
Ke5 Ke7 41. Kf5 g4 42. fxg4 hxg4 43. hxg4 Kd6 44. g5 Kxd5 45. g6 Kc5 46. g7 Kd4
47. g8=Q 1-0

[Event "Olimpiade 2024 - Donne"]
[Site "Budapest"]
[Date "20.09.2024"]
[Round "9.37"]
[Board "3"]
[White "Boshra, Alshaeby"]
[Black "Bakalarz, Grazyna"]
[Result "0-1"]
[WhiteTitle "WIM"]
[BlackTitle "WFM"]
[WhiteElo "1939"]
[BlackElo "1928"]
[WhiteTeam "Jordan"]
[BlackTeam "Luxembourg"]
[WhiteFideId "8102937"]
[BlackFideId "4000730"]
[EventDate "2024.09.11"]

1. e4 e5 2. Nf3 Nf6 3. Nc3 Bb4 4. Nxe5 O-O 5. Be2 Qe7 6. Nd3 Bxc3 7. dxc3 Nxe4
8. O-O d5 9. Re1 Nd7 10. Bf1 Qf6 11. f3 Nd6 12. Bf4 c6 13. Qd2 b6 14. b3 a5 15.
Bg5 Qg6 16. Be7 Re8 17. Nf4 Qh6 18. h4 Rxe7 19. Rxe7 Qxh4 20. Rae1 Nf6 21. Nxd5
cxd5 22. Qe3 Be6 23. Rc7 Nf5 24. Qe5 Ne4 25. Rxe4 dxe4 26. fxe4 Ne3 27. g3 Qh6
28. Bb5 Ng4 29. Qd4 Qh2+ 30. Kf1 Qxg3 31. Rb7 Nh2+ 32. Ke2 Bg4+ 33. Kd2 Qf4+ 34.
Kd3 Qf1+ 35. Ke3 Qf3+ 36. Kd2 Qd1+ 37. Ke3 Qe1+ 38. Kf4 Be6 39. Qxb6 Qh4+ 40.
Ke3 Ng4+ 41. Ke2 Qh2+ 42. Kd1 h5 43. Re7 Nf2+ 44. Kc1 Qg1+ 0-1

[Event "Olimpiade 2024 - Donne"]
[Site "Budapest"]
[Date "20.09.2024"]
[Round "9.37"]
[Board "4"]
[White "Kremer, Nadine"]
[Black "Ruba Al-Qudah"]
[Result "0-1"]
[WhiteElo "1898"]
[BlackElo "1937"]
[WhiteTeam "Luxembourg"]
[BlackTeam "Jordan"]
[WhiteFideId "4002970"]
[BlackFideId "8114595"]
[EventDate "2024.09.11"]

1. e4 d6 2. d4 Nf6 3. Nc3 g6 4. Be3 c6 5. Qd2 b5 6. Bd3 Nbd7 7. Nf3 Qc7 8. O-O
Bg7 9. Bh6 O-O 10. Rae1 e5 11. Bxg7 Kxg7 12. Ne2 Re8 13. Ng3 Nf8 14. c4 bxc4 15.
Bxc4 Ne6 16. dxe5 dxe5 17. Qc3 Nf4 18. Ng5 Re7 19. Rc1 Bb7 20. b4 h6 21. Nxf7
Rxf7 22. Bxf7 Kxf7 23. Rfd1 Kg7 24. Qc5 Re8 25. b5 Ba8 26. Rd6 Nd7 27. Qa3 h5
28. h4 Nb8 29. bxc6 Nxc6 30. Qc5 Re6 31. Rd2 Qf7 32. Rd6 Qf6 33. Rd7+ Kh6 34.
Rcd1 Re7 35. R7d6 Ne6 36. Qe3+ Kg7 37. Rd7 Ncd4 38. Rxe7+ Qxe7 39. Nf5+ gxf5 40.
exf5 Nxf5 41. Qxe5+ Kg6 42. Re1 Nfg7 43. f4 Qc5+ 44. Qxc5 Nxc5 45. Re5 Nge6 46.
g3 Bf3 47. f5+ Kf6 48. Re3 Nd4 49. Ra3 a6 50. Ra5 Nd3 51. Rxa6+ Kxf5 52. Ra5+
Ke4 53. Rg5 Bg4 54. Kg2 Nf3 55. Rb5 Ke3 56. a4 Nfe1+ 57. Kh2 Kf2 58. a5 Nf3+ 59.
Kh1 Bh3 0-1

[Event "Olimpiade 2024 - Donne"]
[Site "Budapest"]
[Date "20.09.2024"]
[Round "9.38"]
[Board "1"]
[White "Ortiz Verdezoto, Anahi"]
[Black "Charinda, Kudzanayi"]
[Result "1-0"]
[WhiteTitle "WIM"]
[BlackTitle "WCM"]
[WhiteElo "2229"]
[BlackElo "1854"]
[WhiteTeam "Ecuador"]
[BlackTeam "Zimbabwe"]
[WhiteFideId "3614581"]
[BlackFideId "11000538"]
[EventDate "2024.09.11"]

1. d4 Nf6 2. c4 e6 3. Nf3 Bb4+ 4. Nbd2 b6 5. e3 Bb7 6. a3 Be7 7. Bd3 c5 8. O-O
O-O 9. b3 cxd4 10. exd4 d5 11. Bb2 Nc6 12. Rc1 Rc8 13. Qe2 h6 14. c5 a5 15. Rfe1
bxc5 16. dxc5 Nd7 17. Qe3 e5 18. Bf5 e4 19. Nd4 Bxc5 20. Rxc5 Nxc5 21. Bxc8 Qxc8
22. Nxc6 Qxc6 23. Rc1 Rc8 24. Bd4 Qb5 25. Rxc5 Rxc5 26. Bxc5 f5 27. Bd4 Qc6 28.
Qg3 Qd7 29. Qe5 Ba6 30. b4 axb4 31. axb4 Kf8 32. h3 1-0

[Event "Olimpiade 2024 - Donne"]
[Site "Budapest"]
[Date "20.09.2024"]
[Round "9.38"]
[Board "2"]
[White "Makwena, Christine"]
[Black "Vasquez Ramirez, Rocio"]
[Result "0-1"]
[BlackTitle "WIM"]
[WhiteElo "1860"]
[BlackElo "1981"]
[WhiteTeam "Zimbabwe"]
[BlackTeam "Ecuador"]
[WhiteFideId "11003391"]
[BlackFideId "3600750"]
[EventDate "2024.09.11"]

1. e4 c5 2. Nf3 a6 3. d4 cxd4 4. Nxd4 Nf6 5. Nc3 e5 6. Nf3 Nc6 7. a3 h6 8. Bc4
d6 9. h3 Qc7 10. Qd3 Be6 11. Bxe6 fxe6 12. Be3 d5 13. exd5 exd5 14. Qg6+ Qf7 15.
Qxf7+ Kxf7 16. Bb6 d4 17. Na4 Rc8 18. Bc5 Nd7 19. Bxf8 Rhxf8 20. b3 Na5 21. Kd2
Rc6 22. Rhe1 Kf6 23. Re2 Rfc8 24. Ne1 Rxc2+ 25. Nxc2 Nxb3+ 26. Ke1 Nxa1 27. Nb4
Rc1+ 28. Kd2 Nb3+ 0-1

[Event "Olimpiade 2024 - Donne"]
[Site "Budapest"]
[Date "20.09.2024"]
[Round "9.38"]
[Board "3"]
[White "Miranda Vargas, Analia Karen"]
[Black "Shaba, Linda Dalitso"]
[Result "0-1"]
[WhiteElo "1891"]
[BlackElo "1831"]
[WhiteTeam "Ecuador"]
[BlackTeam "Zimbabwe"]
[WhiteFideId "3632393"]
[BlackFideId "11001631"]
[EventDate "2024.09.11"]

1. e4 e5 2. Nf3 Nc6 3. Nc3 g6 4. d4 exd4 5. Nxd4 Bg7 6. Be3 Nge7 7. Qd2 d6 8. h4
h5 9. Be2 Bd7 10. O-O-O Ne5 11. Bg5 f6 12. Bf4 N7c6 13. Nd5 O-O 14. f3 Nxd4 15.
Qxd4 f5 16. Bg5 Qb8 17. Qe3 fxe4 18. Qxe4 c6 19. Ne7+ Kh7 20. f4 d5 21. Qa4 Ng4
22. Rde1 Nf2 23. Rhf1 Ne4 24. f5 gxf5 25. Bxh5 Qe5 26. Bg6+ Kh8 27. Qa3 Bf6 28.
Nxf5 Bxg5+ 29. hxg5 Bxf5 30. Bxf5 Kg7 31. g4 Rh8 32. Bxe4 dxe4 33. Rf5 Qe6 34.
Qb4 Rae8 35. Qxb7+ Re7 36. Rf6 Qe5 37. Qxc6 Qxg5+ 38. Kb1 Qxf6 39. Qc5 Qe5 40.
Qe3 Rb8 41. b3 Rh8 0-1

[Event "Olimpiade 2024 - Donne"]
[Site "Budapest"]
[Date "20.09.2024"]
[Round "9.38"]
[Board "4"]
[White "Zengeni, Tatenda Melisa"]
[Black "Guerrero Caicedo, Arlette"]
[Result "0-1"]
[WhiteElo "1732"]
[BlackElo "1868"]
[WhiteTeam "Zimbabwe"]
[BlackTeam "Ecuador"]
[WhiteFideId "11001313"]
[BlackFideId "3633667"]
[EventDate "2024.09.11"]

1. d4 Nf6 2. e3 g6 3. Bd3 d5 4. Nd2 Bg7 5. f4 O-O 6. Ngf3 c5 7. c3 b6 8. Ne5 Bb7
9. Qf3 Nc6 10. O-O e6 11. g4 Ne7 12. b3 Ne8 13. Qh3 Nd6 14. Qg2 Qc7 15. Bb2 Rac8
16. Rac1 Qd8 17. h4 Rc7 18. Rf2 Qc8 19. Bb1 cxd4 20. exd4 Nb5 21. Qg3 f6 22. a4
fxe5 23. axb5 exd4 24. c4 a6 25. Re1 axb5 26. cxb5 Qd7 27. Bd3 Qd6 28. Kg2 Bc8
29. h5 gxh5 30. gxh5 Kh8 31. Bxh7 Kxh7 32. Nf3 Bf6 33. Ng5+ Bxg5 34. fxg5 Qxg3+
35. Kxg3 Rxf2 36. Kxf2 Rc2+ 37. Re2 Rxe2+ 38. Kxe2 e5 39. Kd2 Bd7 40. Ba3 Nf5
41. Bf8 Kg8 42. Ba3 Bxb5 43. g6 Kg7 44. Bb4 Be8 45. Kd3 Kh6 46. Bf8+ Kxh5 47. g7
Bf7 0-1

[Event "Olimpiade 2024 - Donne"]
[Site "Budapest"]
[Date "20.09.2024"]
[Round "9.39"]
[Board "1"]
[White "Sakai, Azumi"]
[Black "Arakhamia-Grant, Ketevan"]
[Result "1-0"]
[WhiteTitle "WCM"]
[BlackTitle "GM"]
[WhiteElo "1871"]
[BlackElo "2263"]
[WhiteTeam "Japan"]
[BlackTeam "Scotland"]
[WhiteFideId "7001800"]
[BlackFideId "13600168"]
[EventDate "2024.09.11"]

1. d4 Nf6 2. c4 c5 3. d5 e5 4. Nc3 d6 5. e4 Nbd7 6. Nf3 Be7 7. Bd3 Nf8 8. h3 Ng6
9. Ne2 Nh5 10. O-O O-O 11. a3 a5 12. b3 f5 13. Bd2 f4 14. b4 Nh4 15. Nxh4 Bxh4
16. Nd4 cxd4 17. Qxh5 f3 18. g3 Be7 19. Rfc1 Rf7 20. c5 g6 21. Qh6 Bf8 22. Qg5
Be7 23. Qh6 Bf8 24. Qg5 Qxg5 25. Bxg5 axb4 26. axb4 Rxa1 27. Rxa1 Bxh3 28. c6
bxc6 29. dxc6 d5 30. b5 Be6 31. b6 Bd6 32. Ra8+ Kg7 33. b7 dxe4 34. Bxe4 Bc4 35.
b8=Q Bxb8 36. Rxb8 Ba6 37. Re8 h6 38. Bd2 Ra7 39. Bxf3 Kf6 40. Rd8 Bb5 41. Rb8
Ra1+ 42. Kh2 Ra2 43. Rxb5 Rxd2 44. Kg2 Rc2 45. Rb7 Kf5 46. Rf7+ Ke6 47. Rd7 h5
48. Bd5+ Kf5 49. Rf7+ Kg5 50. c7 d3 51. Be4 1-0

[Event "Olimpiade 2024 - Donne"]
[Site "Budapest"]
[Date "20.09.2024"]
[Round "9.39"]
[Board "2"]
[White "Roy, Ali"]
[Black "Shibata, Misaki"]
[Result "1/2-1/2"]
[WhiteTitle "WFM"]
[WhiteElo "1961"]
[BlackElo "1847"]
[WhiteTeam "Scotland"]
[BlackTeam "Japan"]
[WhiteFideId "2400456"]
[BlackFideId "7001134"]
[EventDate "2024.09.11"]

1. Nf3 Nf6 2. g3 d5 3. Bg2 Bf5 4. d3 e6 5. O-O h6 6. Nbd2 Be7 7. Qe1 O-O 8. e4
Bh7 9. h3 c5 10. Nh2 Nc6 11. e5 Nd7 12. f4 Rc8 13. Ndf3 b5 14. Qe2 Nb6 15. Ng4
c4 16. d4 Nb4 17. Ne3 a5 18. g4 a4 19. f5 c3 20. b3 Qd7 21. Ne1 axb3 22. axb3
Ra8 23. Rxa8 Rxa8 24. Nd3 Nc6 25. f6 Nxd4 26. Qf2 Bxd3 27. cxd3 gxf6 28. exf6
Bc5 29. Qh4 Ne2+ 30. Kh1 Bf8 31. g5 Ra1 32. Ng4 h5 33. Nh6+ Kh7 34. Ng4 Kg8 35.
Nh6+ Kh7 36. Ng4 1/2-1/2

[Event "Olimpiade 2024 - Donne"]
[Site "Budapest"]
[Date "20.09.2024"]
[Round "9.39"]
[Board "3"]
[White "Kinoshita, Kanako"]
[Black "Giulian, Rosemary A"]
[Result "1-0"]
[WhiteElo "1822"]
[BlackElo "1922"]
[WhiteTeam "Japan"]
[BlackTeam "Scotland"]
[WhiteFideId "7002238"]
[BlackFideId "2400375"]
[EventDate "2024.09.11"]

1. e4 e6 2. d4 d5 3. exd5 exd5 4. Bd3 Bd6 5. Qf3 c6 6. Ne2 Be6 7. Bf4 Nf6 8. h3
Qc7 9. Nd2 Nbd7 10. O-O O-O-O 11. b4 h6 12. Nb3 g5 13. Bxd6 Qxd6 14. Nc5 h5 15.
a4 g4 16. Qf4 Qxf4 17. Nxf4 Nxc5 18. dxc5 Bd7 19. Rfe1 Rde8 20. Kf1 Ne4 21. Re3
Ng5 22. Rae1 Rxe3 23. Rxe3 d4 24. Re5 f6 25. Re7 gxh3 26. gxh3 Kd8 27. Rg7 Bc8
28. h4 Nf3 29. Rh7 Rg8 30. Rxh5 Nh2+ 31. Ke1 Rg1+ 32. Kd2 Nf3+ 33. Ke2 Bg4 34.
Rh8+ Ke7 35. Bg6 Ne5+ 36. f3 Bxf3+ 37. Kf2 Nxg6 38. Rh7+ Ke8 39. Nxg6 Rxg6 40.
Kxf3 Rg1 41. Rxb7 Rc1 42. h5 Rxc2 43. h6 Rh2 44. h7 Kf8 45. Rxa7 Rh3+ 46. Ke2 f5
47. Ra8+ 1-0

[Event "Olimpiade 2024 - Donne"]
[Site "Budapest"]
[Date "20.09.2024"]
[Round "9.39"]
[Board "4"]
[White "Bhatia, Kanishka"]
[Black "Takayasu, Melody"]
[Result "1-0"]
[WhiteElo "1908"]
[BlackElo "1768"]
[WhiteTeam "Scotland"]
[BlackTeam "Japan"]
[WhiteFideId "2410095"]
[BlackFideId "7003501"]
[EventDate "2024.09.11"]

1. d4 Nf6 2. Nd2 g6 3. e4 d6 4. Ngf3 Bg7 5. Bd3 Nc6 6. c3 a6 7. d5 Ne5 8. Nxe5
dxe5 9. O-O O-O 10. Nc4 Ne8 11. f4 exf4 12. Bxf4 Nd6 13. Qe2 Nxc4 14. Bxc4 e5
15. Be3 Qd6 16. a4 a5 17. Qf2 b6 18. Bb5 f5 19. Qc2 f4 20. Bf2 g5 21. c4 Rf7 22.
c5 Qg6 23. cxb6 cxb6 24. Be8 Ba6 25. Bxf7+ Qxf7 26. Rfd1 Rc8 27. Qd2 g4 28. d6
Qd7 29. Rac1 f3 30. Rxc8+ Bxc8 31. Bxb6 fxg2 32. Qd5+ Kh8 33. Rc1 Bb7 34. Rc7
Qxc7 35. dxc7 Bxd5 36. c8=Q+ Bf8 1-0

[Event "Olimpiade 2024 - Donne"]
[Site "Budapest"]
[Date "20.09.2024"]
[Round "9.40"]
[Board "1"]
[White "Shuqja, Klean"]
[Black "Henderson de La Fuente, Andrea"]
[Result "1/2-1/2"]
[WhiteTitle "WFM"]
[BlackTitle "WFM"]
[WhiteElo "2042"]
[BlackElo "1986"]
[WhiteTeam "Albania"]
[BlackTeam "Andorra"]
[WhiteFideId "4701585"]
[BlackFideId "32096577"]
[EventDate "2024.09.11"]

1. e4 c6 2. d4 d5 3. exd5 cxd5 4. Bd3 Nc6 5. c3 Qc7 6. Ne2 Bg4 7. O-O e6 8. f3
Bh5 9. Bf4 Bd6 10. Bxd6 Qxd6 11. Ng3 Bg6 12. f4 Bxd3 13. Qxd3 Nf6 14. Nd2 O-O
15. Rae1 Rac8 16. Qf3 b5 17. a3 Na5 18. Nh5 Nxh5 19. Qxh5 Nc4 20. Nxc4 Rxc4 21.
f5 g6 22. Qh6 exf5 23. Rxf5 Qd7 24. Rfe5 Rc7 25. h4 Qd6 26. h5 Rd7 27. Qe3 Rdd8
28. Qh3 a5 29. hxg6 hxg6 30. Qh6 Qf6 31. R1e3 b4 32. axb4 axb4 33. Rh3 Qg7 34.
Qxg7+ Kxg7 35. cxb4 Rb8 36. Rxd5 Rxb4 37. Rd7 Rxb2 38. Ra3 Rd2 39. Raa7 Kf6 40.
d5 Ke5 41. Re7+ Kf4 42. Rxf7+ Rxf7 43. Rxf7+ Kg3 44. Rf3+ Kg4 45. Rf6 g5 46. d6
Kg3 47. Rf3+ Kg4 48. Rf6 Kg3 49. Rf3+ Kg4 50. Rf6 Kg3 1/2-1/2